Central Library OPAC University of Rajshahi

Show Me Microsoft Office Outlook 2003 / (Record no. 77350)

MARC details
000 -LEADER
fixed length control field 00965nam a2200301 a 4500
001 - CONTROL NUMBER
control field 77350
003 - CONTROL NUMBER IDENTIFIER
rucl marc code BD-RjUL
005 - DATE AND TIME OF LATEST TRANSACTION
control field 20211209082948.0
008 - FIXED-LENGTH DATA ELEMENTS--GENERAL INFORMATION
fixed length control field 200303s2003 inua 001 0 eng d
020 ## - INTERNATIONAL STANDARD BOOK NUMBER
International Standard Book Number 0789730081 (pbk.)
035 ## - SYSTEM CONTROL NUMBER
System control number (BD-RjUL)77575
040 ## - CATALOGING SOURCE
Original cataloging agency DLC
Transcribing agency DLC
Modifying agency DLC
-- BD-RjUL
Language of cataloging eng
041 ## - LANGUAGE CODE
Language code of text/sound track or separate title eng
042 ## - AUTHENTICATION CODE
Authentication code pcc
082 00 - DEWEY DECIMAL CLASSIFICATION NUMBER
Classification number 005.57
Edition number 22
Author mark and year JOS 2003
100 1# - MAIN ENTRY--PERSONAL NAME
Personal name Johnson, Steve,
Dates associated with a name 1961-
9 (RLIN) 240987
245 10 - TITLE STATEMENT
Title Show Me Microsoft Office Outlook 2003 /
Statement of responsibility, etc. Steve Johnson.
260 ## - PUBLICATION, DISTRIBUTION, ETC. (IMPRINT)
Place of publication, distribution, etc. Indianapolis, IN :
Name of publisher, distributor, etc. Que Pub.,
Date of publication, distribution, etc. c2003.
300 ## - PHYSICAL DESCRIPTION
Pagination xviii, 350 p. :
Illustrations ill. ;
Size 24 cm.
500 ## - GENERAL NOTE
General note Includes index.
650 #0 - SUBJECT ADDED ENTRY--TOPICAL TERM
Topical term or geographic name as entry element Business
General subdivision Computer programs.
9 (RLIN) 240988
Topical term or geographic name as entry element Time management
General subdivision Computer programs.
9 (RLIN) 240989
Topical term or geographic name as entry element Personal information management
General subdivision Computer programs.
9 (RLIN) 240990
Topical term or geographic name as entry element Electronic mail systems
General subdivision Computer programs.
9 (RLIN) 240991
942 ## - ADDED ENTRY ELEMENTS (KOHA)
Source of classification or shelving scheme Dewey Decimal Classification
Koha item type Books
Holdings
Lost status Source of classification or shelving scheme Damaged status Not for loan Permanent Location Current Location Shelving location Date acquired Source of acquisition Cost, normal purchase price Total Checkouts Full call number Date last seen Copy number Koha item type
  Dewey Decimal Classification   Not For Loan Central Library, University of Rajshahi Central Library, University of Rajshahi Reading Room 03/03/2020 American Center Library, Dhaka 19.99   005.57 JOS 2003 16/03/2020 C-1 Books